Normal view
MARC view
Entry Personal Name
001 - CONTROL NUMBER
- control field: 12690
003 - CONTROL NUMBER IDENTIFIER
- control field: BD-RjUL
005 - DATE AND TIME OF LATEST TRANSACTION
- control field: 20240424102207.0
008 - FIXED-LENGTH DATA ELEMENTS
- fixed length control field: 240424|| aca||aabn | a|a d
040 ## - CATALOGING SOURCE
- Original cataloging agency: BD-RjUL
- Transcribing agency: BD-RjUL
100 ## - HEADING--PERSONAL NAME
- Personal name: Sultana, Tania
670 ## - SOURCE DATA FOUND
- Source citation: Work cat.: (BD-RjUL)83572: Sultana, Tania, Impact of trade liberalization on agriculture in Bangladesh /, 2010